| 000 | 00433nam a2200169Ia 4500 | ||
|---|---|---|---|
| 008 | 230718s9999 xx 000 0 und d | ||
| 020 | _a9788126519071 | ||
| 041 | _aeng | ||
| 082 |
_a658.1 _bKUL |
||
| 100 | _aKulkarni V.A. | ||
| 245 | _aQuality Control | ||
| 260 |
_c2012 _bWiley |
||
| 300 | _a373 | ||
| 365 |
_cRs. _b709.00 |
||
| 700 | _aKulkarni V.A. & Bewoor A.K. | ||
| 906 |
_dO:0767329-Nov-2022B:11729-Nov-2022 _cTM _b1063.5 |
||
| 999 |
_c353096 _d353096 |
||